Welcome to CU Library Online Public Access Catalogue (OPAC)

Occupational health nursing : (Record no. 3413)

MARC details
000 -LEADER
fixed length control field 00550pam a2200181 a 4500
001 - CONTROL NUMBER
control field 2525917
005 - DATE AND TIME OF LATEST TRANSACTION
control field 20250204112650.0
008 - FIXED-LENGTH DATA ELEMENTS--GENERAL INFORMATION
fixed length control field 931210s1994 paua b 001 0 eng
020 ## - INTERNATIONAL STANDARD BOOK NUMBER
International Standard Book Number 9780721675886
050 00 - LIBRARY OF CONGRESS CALL NUMBER
Classification number RC966
Item number .R64 1994
082 00 - DEWEY DECIMAL CLASSIFICATION NUMBER
Classification number 610.73/46
Edition information 20
100 1# - MAIN ENTRY--PERSONAL NAME
Personal name Rogers, Bonnie
Fuller form of name (Bonnie M. E.)
245 10 - TITLE STATEMENT
Title Occupational health nursing :
Remainder of title concepts and practice /
Statement of responsibility, etc. Bonnie Rogers.
260 ## - PUBLICATION, DISTRIBUTION, ETC.
Place of publication, distribution, etc. Philadelphia :
Name of publisher, distributor, etc. W.B. Saunders Co.,
Date of publication, distribution, etc. c1994.
300 ## - PHYSICAL DESCRIPTION
Extent xvi, 527 p. :
Other physical details ill. ;
Dimensions 27 cm.
650 #0 - SUBJECT ADDED ENTRY--TOPICAL TERM
Topical term or geographic name entry element Industrial nursing.
942 ## - ADDED ENTRY ELEMENTS (KOHA)
Source of classification or shelving scheme Library of Congress Classification
Koha item type Books
Suppress in OPAC No
999 ## -
-- 3413
-- 3413
Holdings
Withdrawn status Lost status Source of classification or shelving scheme Damaged status Not for loan Collection Home library Current library Shelving location Date acquired Total checkouts Full call number Barcode Date last seen Copy number Price effective from Koha item type
    Library of Congress Classification     Non-fiction Science Library (Miotso) Science Library (Miotso) General stacks 02/04/2025   RC966 .R64 ROG SLM00002832 02/04/2025 1 02/04/2025 Books
© 2023-2024 Copyright: Central University Libraries. All Rights Reserved | Created by: Mahone Tech Office